Evolutionary ecology of parasites : from individuals to communities

Αποθηκεύτηκε σε:
Λεπτομέρειες βιβλιογραφικής εγγραφής
Κύριος συγγραφέας: Poulin, Robert
Μορφή: Βιβλίο
Γλώσσα:English
Δημοσίευση: London : Chapman and Hall, c1998
Θέματα:
Ετικέτες: Προσθήκη ετικέτας
Δεν υπάρχουν, Καταχωρήστε ετικέτα πρώτοι!

MARC

LEADER 00000nam a2200000 i 4500
001 1/18669
008 981021s1998 eng d
020 |a 0-412-80560-X 
035 |l 10020994 
040 |a GR-MY-UA  |b gre  |e aacr 
041 0 |a eng 
082 0 |a 591.7857 
100 1 |a Poulin, Robert. 
245 1 0 |a Evolutionary ecology of parasites :  |b from individuals to communities /  |c Robert Poulin 
260 |a London :   |b Chapman and Hall,   |c c1998 
300 |a 212 p. 
504 |a Includes bibliographical references (p.[184]-208) and index 
650 0 0 |a Parasites. 
650 0 0 |a Parasites  |x Ecology. 
650 0 0 |a Parasites  |x Evolution. 
852 |a INST  |b LESVOS  |e 19981021  |h 591.7857 POU  |p 005100017884  |q 005100017884  |t BK  |y 0 
901 |a BIBL-1998-3 
909 |a Λ  |b 059627 
922 |a 1ΕΛΗ  |b 199809  |c ΚΠΣ/ΤΠ  |d ΠΑΠΑΣΩΤΗΡΙΟΥ 
950 |a 107-1998-07-09